000 00632nam a22001337a 4500
040 _cRUA
082 _aAGR HOU 2014 B547 Or.1
100 _aHOUN SARA, ហួន សារ៉ា
245 _aeffect of chemical fertilizer different rate on spring onion at roy al university of agriculture , ឥទិ្ធពលកម្រិតជីគីមីខុសៗគ្នាទៅលើដំណាំខ្ទឹមស្លឹកនៅសាកលវិទ្យាល័យភូមិន្ទកសិកម្ម
260 _aphnom penh
_bRUA
_c2014
300 _aviiii;38p;
_bill;
_c29cm;
856 _uHOUN SARA
942 _cAGR
999 _c12268
_d12268